BSOP header

Ancient Mesopotamia, socio-economic history: (Record no. 45583)

MARC details
000 -LEADER
fixed length control field 01023cam a2200301 4500
001 - CONTROL NUMBER
control field 313872
005 - DATE AND TIME OF LATEST TRANSACTION
control field 20190226160242.0
008 - FIXED-LENGTH DATA ELEMENTS--GENERAL INFORMATION
fixed length control field 700821s1969 ru b 000 0 eng
010 ## - LIBRARY OF CONGRESS CONTROL NUMBER
LC control number 73485498
015 ## - NATIONAL BIBLIOGRAPHY NUMBER
National bibliography number USSR***
040 ## - CATALOGING SOURCE
Original cataloging agency DLC
Transcribing agency DLC
Modifying agency DLC
041 1# - LANGUAGE CODE
Language code of text/sound track or separate title engrus
043 ## - GEOGRAPHIC AREA CODE
Geographic area code a-iq---
100 ## - MAIN ENTRY--PERSONAL NAME
Personal name Scholars, Soviet.
240 00 - UNIFORM TITLE
Uniform title <a href="Istorii︠a︡ Mesopotamii. English">Istorii︠a︡ Mesopotamii. English</a>
245 00 - TITLE STATEMENT
Title Ancient Mesopotamia, socio-economic history:
Remainder of title a collection of studies by Soviet scholars.
Statement of responsibility, etc by Soviet Scholar.
260 ## - PUBLICATION, DISTRIBUTION, ETC. (IMPRINT)
Place of publication, distribution, etc Moscow,
Name of publisher, distributor, etc Nauka Pub. House, Central Dept. of Oriental Literature,
Date of publication, distribution, etc c1969.
300 ## - PHYSICAL DESCRIPTION
Extent 334 p.
Dimensions 22 cm.
336 ## - CONTENT TYPE
Content Type Term text
337 ## - MEDIA TYPE
Media Type Term unmediated
338 ## - CARRIER TYPE
Carrier Type Term volume
500 ## - GENERAL NOTE
General note At head of title: USSR Academy of Sciences. Institute of the Peoples of Asia.
500 ## - GENERAL NOTE
General note Translation of Istorii︠a︡ Mesopotamii.
504 ## - BIBLIOGRAPHY, ETC. NOTE
Bibliography, etc Includes bibliographical references.
651 #0 - SUBJECT ADDED ENTRY--GEOGRAPHIC NAME
Geographic name Iraq
General subdivision Economic conditions.
700 1# - ADDED ENTRY--PERSONAL NAME
Personal name Dʹi︠a︡konov, Igorʹ Mikhaĭlovich,
Relator term ed.
942 ## - ADDED ENTRY ELEMENTS (KOHA)
Source of classification or shelving scheme Library of Congress Classification
Item type Books
Holdings
Withdrawn status Lost status Source of classification or shelving scheme Damaged status Not for loan Home library Current library Shelving location Date acquired Source of acquisition Inventory number Total Checkouts Full call number Barcode Date last seen Price effective from Koha item type
    Library of Congress Classification     BSOP Library BSOP Library David Weisberg Collection 02/26/2019 Donated by Dr. David and Oprah Weisberg 45374   DS71 An2 1969 00056374 02/26/2019 02/26/2019 Books
BSOP

Biblical Seminary of the Philippines
  All rights Reserved
  © 2024

CONTACT INFORMATION

Biblical Seminary of the Philippines,
  77-B Karuhatan Road, Valenzuela City,
  PHILIPPINES 1441
  Phone: +632 8292-6795 / 8292-6798
  Fax : +632 8292-6675
  Email: library@bsop.edu.ph